UBT Library

Langman's medical embryology. (Record no. 42695)

000 -LEADER
fixed length control field 00948cam a22003374a 4500
001 - CONTROL NUMBER
control field 14167168
005 - DATE AND TIME OF LATEST TRANSACTION
control field 20180215090841.0
008 - FIXED-LENGTH DATA ELEMENTS--GENERAL INFORMATION
fixed length control field 051103s2006 paua b 001 0 eng
010 ## - LIBRARY OF CONGRESS CONTROL NUMBER
LC control number 2005032348
015 ## - NATIONAL BIBLIOGRAPHY NUMBER
National bibliography number GBA617029
Source bnb
016 7# - NATIONAL BIBLIOGRAPHIC AGENCY CONTROL NUMBER
Record control number 101261041
Source DNLM
016 7# - NATIONAL BIBLIOGRAPHIC AGENCY CONTROL NUMBER
Record control number 013386574
Source Uk
020 ## - INTERNATIONAL STANDARD BOOK NUMBER
International Standard Book Number 0781794854
035 ## - SYSTEM CONTROL NUMBER
System control number (OCoLC)ocm62302298
040 ## - CATALOGING SOURCE
Original cataloging agency DNLM/DLC
Transcribing agency DLC
Modifying agency YDXCP
-- NLM
-- UKM
-- BAKER
-- UBY
-- NLGGC
-- OCLCQ
-- DLC
041 ## - LANGUAGE CODE
Language code of text/sound track or separate title eng
042 ## - AUTHENTICATION CODE
Authentication code pcc
060 10 - NATIONAL LIBRARY OF MEDICINE CALL NUMBER
Classification number QS 604
Item number S126L 2006
080 ## - UNIVERSAL DECIMAL CLASSIFICATION NUMBER
Universal Decimal Classification number 612.64 SAD
082 00 - DEWEY DECIMAL CLASSIFICATION NUMBER
Classification number 612.64 SAD
Edition number 22
084 ## - OTHER CLASSIFICATION NUMBER
Classification number 44.34
Source of number bcl
084 ## - OTHER CLASSIFICATION NUMBER
Classification number 44.36
Source of number bcl
100 1# - Rafti
Rafti 10
101 ## - Shkurtesa
Shkurtesa GJIN
245 10 - TITLE STATEMENT
Title Langman's medical embryology.
246 30 - VARYING FORM OF TITLE
Title proper/short title Medical embryology
504 ## - BIBLIOGRAPHY, ETC. NOTE
Bibliography, etc Includes bibliographical references and index.
906 ## - LOCAL DATA ELEMENT F, LDF (RLIN)
a 7
b cbc
c orignew
d 1
e ecip
f 20
g y-gencatlg
942 ## - ADDED ENTRY ELEMENTS (KOHA)
Source of classification or shelving scheme
Item type Books
Holdings
Withdrawn status Lost status Source of classification or shelving scheme Damaged status Not for loan Collection code Permanent location Current location Shelving location Date acquired Total Checkouts Full call number Barcode Date last seen Price effective from Koha item type
          Koleksioni i përgjithshem UBT - Lipjan UBT - Lipjan Koleksioni i përgjithshem 02/15/2018   612.64 SAD 002-2998799 02/15/2018 02/15/2018 Books
UBT Library © 2015-2024. All rights reserved University Education for Business and Technology